Villancicos que se cantaron en la Santa Iglesia Cathedral Metropolitana de Mexico: en los maytines de la natividad de Maria SS. N. Señora de este año de 1704. Que fundò y dotò, la devocion del Illustr. señor D. Garcia de Legaspi y Velasco, Obispo de Valladolid, y electo de la Puebla de los Angeles compuestos en metro musico por Antonio de Salazar, Maestro de Capilla de dicha Santa Iglesia.

Detalles Bibliográficos
Formato: Libro
Lenguaje:Undetermined
Spanish
Publicado: [en Mexico : en la imprenta de los herederos de la viuda de Bernardo Calderon, 1704.
Materias:
Colección:Banco de datos
Acervo:Biblioteca Palafoxiana. Colección bibliográfica
Descripción Física:[3] h. ; 4°
Tema general:Liturgia
Notas:Pie de imprenta tomado del colofón. Marca de fuego: Colegio de San Juan. Número de localización: 31855-Ll Encuadernado con 63 obras
LEADER 00973nam a2200157Ia 4500
008 150723s9999 xx 000 0 und d
041 0 |a spa 
050 0 |a PAFX PQ6171 G3 
245 1 0 |a Villancicos que se cantaron en la Santa Iglesia Cathedral Metropolitana de Mexico: en los maytines de la natividad de Maria SS. N. Señora de este año de 1704. Que fundò y dotò, la devocion del Illustr. señor D. Garcia de Legaspi y Velasco, Obispo de Valladolid, y electo de la Puebla de los Angeles compuestos en metro musico por Antonio de Salazar, Maestro de Capilla de dicha Santa Iglesia. 
260 |a [en Mexico : en la imprenta de los herederos de la viuda de Bernardo Calderon, 1704. 
300 |a [3] h. ; 4° 
500 |a Pie de imprenta tomado del colofón. Marca de fuego: Colegio de San Juan. Número de localización: 31855-Ll Encuadernado con 63 obras 
650 1 0 |a Liturgia 
942 |c PALALIB 
943 |g Biblioteca Palafoxiana. Colección bibliográfica 
999 |c 1065949  |d 1065949